NBA Award Winners - Statistics

General Stats
  • This quiz has been taken 149 times
  • The average score is 63 of 75
Answer Stats
Year Award Team Answer % Correct
2024 MVP Nuggets Nikola Jokic
98%
Finals MVP Nuggets Nikola Jokic
98%
2022 MVP Nuggets Nikola Jokic
98%
2021 MVP Nuggets Nikola Jokic
98%
Finals MVP Celtics Jaylen Brown
97%
2023 MVP 76ers Joel Embiid
97%
Finals MVP Lakers LeBron James
97%
Finals MVP Cavaliers LeBron James
97%
2013 MVP Heat LeBron James
97%
Finals MVP Heat LeBron James
97%
2012 MVP Heat LeBron James
97%
Finals MVP Heat LeBron James
97%
2010 MVP Heat LeBron James
97%
DPOTY Timberwolves Rudy Gobert
97%
DPOTY Jazz Rudy Gobert
97%
DPOTY Jazz Rudy Gobert
97%
DPOTY Jazz Rudy Gobert
97%
Finals MVP Warriors Steph Curry
97%
2016 MVP Warriors Steph Curry
97%
2015 MVP Warriors Steph Curry
97%
ROTY Spurs Victor Wembanyama
95%
Finals MVP Bucks Giannis Antetokounmpo
94%
2020 MVP Bucks Giannis Antetokounmpo
94%
DPOTY Jazz Giannis Antetokounmpo
94%
2019 MVP Bucks Giannis Antetokounmpo
94%
2018 MVP Rockets James Harden
93%
ROTY Grizzlies Ja Morant
92%
Finals MVP Raptors Kawhi Leonard
92%
DPOTY Spurs Kawhi Leonard
92%
DPOTY Spurs Kawhi Leonard
92%
Finals MVP Spurs Kawhi Leonard
92%
Finals MVP Warriors Kevin Durant
92%
Finals MVP Warriors Kevin Durant
92%
2014 MVP Thunder Kevin Durant
92%
Finals MVP Lakers Kobe Bryant
92%
2017 MVP Thunder Russell Westbrook
91%
2011 MVP Bulls Derrick Rose
90%
ROTY Magic Paolo Banchero
90%
DPOTY Grizzlies Jaren Jackson Jr
89%
DPOTY Warriors Draymond Green
88%
ROTY Mavericks Luka Doncic
88%
Finals MVP Warriors Andre Iguodala
87%
Finals MVP Mavericks Dirk Nowitzki
87%
ROTY Hornets LaMelo Ball
87%
DPOTY Magic Dwight Howard
86%
DPOTY Magic Dwight Howard
86%
ROTY Timberwolves Karl Anthony-Towns
84%
DPOTY Celtics Marcus Smart
84%
ROTY 76ers Ben Simmons
82%
ROTY Trailblazers Damian Lillard
82%
ROTY Cavaliers Kyrie Irving
82%
ROTY Raptors Scottie Barnes
82%
DPOTY Grizzlies Marcus Gasol
81%
ROTY Clippers Blake Griffin
80%
DPOTY Bulls Joakim Noah
80%
6th Man OTY Clippers Lou Williams
79%
6th Man OTY Clippers Lou Williams
79%
6th Man OTY Clippers Lou Williams
79%
ROTY 76ers Michael Carter-Williams
79%
6th Man OTY Heat Tyler Herro
79%
6th Man OTY Timberwolves Naz Reid
73%
ROTY Timberwolves Andrew Wiggins
71%
6th Man OTY Celtics Malcolm Brogdon
68%
ROTY Bucks Malcolm Brogdon
68%
6th Man OTY Clippers Jamal Crawford
63%
6th Man OTY Clippers Jamal Crawford
63%
6th Man OTY Hawks Jamal Crawford
63%
6th Man OTY James Harden Thunder
61%
DPOTY Knicks Tyson Chandler
57%
6th Man OTY Jazz Jordan Clarkson
55%
6th Man OTY Rockets Eric Gordon
54%
6th Man OTY Knicks JR Smith
47%
ROTY Kings Tyreke Evans
46%
6th Man OTY Lakers Lamar Odom
42%
6th Man OTY Clippers Montrezl Harrell
39%
No matching quizzes found
Score Distribution
Percent of People with Each Score
Percentile by Number Answered
Your Score History
You have not taken this quiz